| 000 | 01505cam a22003858a 4500 | ||
|---|---|---|---|
| 001 | 15387954 | ||
| 005 | 20100217095355.0 | ||
| 008 | 080728s2009 enk b 001 0 eng | ||
| 010 | _a 2008033266 | ||
| 020 | _a0470517956 | ||
| 020 | _a9780470517956 (pbk.) | ||
| 035 | _a(DNLM)101479997 | ||
| 040 |
_aDNLM/DLC _cDLC _dDLC |
||
| 042 | _apcc | ||
| 050 | 0 | 0 |
_aRB113 _b.F86 2009 |
| 060 | 1 | 0 |
_aQZ 4 _bF981 2008 |
| 082 | 0 | 0 |
_a616.07 _222 _bFUN |
| 245 | 0 | 0 |
_aFundamentals of Applied Pathophysiology : _cEdited, Muralitharan Nair and Ian Peate. _bAn Essential Guide for Nursing Students / |
| 260 |
_aChichester, West Sussex ; _bWiley Blackwell/ Jone Wiley & Sons, 2009 _c2009. |
||
| 263 | _a0904 | ||
| 300 |
_a xiii, 530 p. _c25 cm. _bcol. ill. ; |
||
| 504 | _aIncludes bibliographical references and index. | ||
| 650 | 0 |
_aPhysiology, Pathological. _923571 |
|
| 650 | 0 |
_aNursing. _923572 |
|
| 650 | 1 | 2 |
_aPathology _xmethods. _923573 |
| 650 | 2 | 2 |
_aNursing Care _xmethods. _923574 |
| 650 | 2 | 2 |
_aPhysiological Processes. _923575 |
| 653 |
_bNUR _cApril2011 |
||
| 700 | 1 |
_aNair, Muralitharan. _923576 |
|
| 700 | 1 |
_aPeate, Ian. _923577 |
|
| 856 | 4 | 1 |
_3Table of contents only _uhttp://www.loc.gov/catdir/toc/ecip0824/2008033266.html |
| 942 |
_2ddc _cNRB |
||
| 999 |
_c15238 _d15238 |
||